Rivers of the UK - sudden death - Statistics

General Stats
  • This quiz has been taken 276 times
  • The average score is 11 of 15
Answers on the Grid
Answers color-coded by a green-red scale on the quiz's grid according to % correct below.
Thames
Severn
Tyne
Clyde
Orwell
Cam
Humber
Avon
Mersey
Wye
Tweed
Elbe
Danube
Loir
Po
Volga
Southern Bug
Tigris
Marne
Meuse
Main
Bann
Wensum
Trent
Arun
Ohio
Colorado
Nile
Missouri
Yellow
 
Answer Stats
Answer % Correct
Thames
94%
Tyne
88%
Mersey
87%
Avon
86%
Severn
86%
Clyde
85%
Trent
84%
Wye
82%
Humber
80%
Tweed
79%
Cam
65%
Arun
56%
Orwell
56%
Wensum
51%
Bann
48%
No matching quizzes found
Score Distribution
Percent of People with Each Score
Percentile by Number Answered
Your Score History
You have not taken this quiz